| Tag |
First Indicator |
Second Indicator |
Subfields |
| LEADER |
00000cam a2200000 a 4500 |
| 001 |
in00000010751 |
| 005 |
20151007051435.0 |
| 008 |
811030s1979 ag 00000 spa d |
| 035 |
|
|
|a (OCoLC)07894516
|
| 035 |
|
|
|9 AAA2978AM
|
| 040 |
|
|
|a MNP
|c MNP
|d m/c
|d TXA
|d UtOrBLW
|
| 043 |
|
|
|a s-ag---
|
| 049 |
|
|
|a TXAM
|c [A08555593]
|
| 050 |
|
4 |
|a SB191.M2
|b C37 1979
|
| 245 |
0 |
0 |
|a Catalago [as printed] de recursos geneticos de maiz :
|b almacenados en el banco de germoplasma de la Estacion Experimental Regional Agropecuaria Pergamino : primera parte /
|c editado por la Estacion Experimental Regional Agropecuaria Pergamino del Instituto Nacional de Tecnologia Agropecuaria.
|
| 264 |
|
1 |
|a Pergamino, Argentina :
|b Secretaria de Estado de Agricultura y Ganaderia,
|c 1979.
|
| 300 |
|
|
|a 118 unnumbered pages ;
|c 23 x 32 cm.
|
| 336 |
|
|
|a text
|b txt
|2 rdacontent
|
| 337 |
|
|
|a unmediated
|b n
|2 rdamedia
|
| 338 |
|
|
|a volume
|b nc
|2 rdacarrier
|
| 500 |
|
|
|a "Junio 1979."
|
| 650 |
|
0 |
|a Corn
|x Germplasm resources
|z Argentina
|x Catalogs.
|
| 650 |
|
0 |
|a Gene banks, Plant
|z Argentina.
|
| 710 |
2 |
|
|a Estación Experimental Regional Agropecuaria Pergamino.
|
| 710 |
2 |
|
|a Instituto Nacional de Tecnología Agropecuaria (Argentina)
|
| 740 |
0 |
|
|a Catalogo de recursos geneticos de maiz.
|
| 999 |
|
|
|a MARS
|
| 999 |
f |
f |
|s ecf1d6fb-5d64-3662-b634-001dc2d614da
|i 2bb94b71-5a35-3fed-b294-b83fe1120b60
|t 0
|
| 952 |
f |
f |
|p ric
|a Texas A&M University
|b Rellis Campus
|c Joint Library Facility
|d Remote Storage
|t 0
|e SB191.M2 C37 1979
|h Library of Congress classification
|i unmediated -- volume
|m A14808555593
|
| 998 |
f |
f |
|a SB191.M2 C37 1979
|t 0
|l Remote Storage
|